000 02552cam a2200337 i 4500
003 SA-RiAUC
005 20241020063221.0
008 241020s1972 ii g i 000r0 ara c
040 _aSA-RiSU
_bara
_cSA-RiAUC
_erda
050 4 _b.H34 1972
082 0 4 _a235.016
_qSA-RiAUC
090 _a235.016
_bح ا ف
100 1 _aالحافظ المزي، يوسف بن عبد الرحمن بن يوسف،
_d654-742 هجري
_eمؤلف.
245 1 0 _aتحفة الأشراف بمعرفة الأطراف :
_bمعجم مفهرس لمسانيد الصحابة والرواة عنهم وموسوعة لجميع أحاديث الكتب الستة الصحاح /
_cتأليف أبو الحجاج المزي. معه، النكت الظراف على الأطراف / ابن حجر العسقلاني.
264 1 _aنيودلهي :
_bالدار القيمة،
_c1972
300 _a1 مجلد ؛
_c24 × 17 سم
336 _aنص
_btxt
_2rdacontent
_3كتاب
337 _aبدون وسيط
_bn
_2rdamedia
338 _aمجلد
_bnc
_2rdacarrier
650 7 _aالحديث
_xالمسانيد
_vكشافات
_2aucsh
650 7 _aالحديث
_xالكتب الستة
_vكشافات
_2aucsh
700 1 2 _iكشاف لـ (عمل) :
_aالبخاري، محمد بن إسماعيل بن إبراهيم،
_d194-256 هجري.
_tالجامع الصحيح المسند المختصر من حديث رسول الله صلى الله عليه وسلم وسننه وأيامه
700 1 2 _iكشاف لـ (عمل) :
_aالإمام مسلم، مسلم بن الحجاج بن مسلم،
_d204-261 هجري.
_tالمسند الصحيح المختصر من السنن بنقل العدل عن العدل عن رسول الله صلى الله عليه وسلم
700 1 2 _iكشاف لـ (عمل) :
_aالترمذي، محمد بن عيسى بن سورة،
_d209-279 هجري.
_tسنن الترمذي
700 1 2 _iكشاف لـ (عمل) :
_aأبو داود، سليمان بن الأشعث بن إسحاق،
_d202-275 هجري.
_tسنن أبي داود
700 1 2 _iكشاف لـ (عمل) :
_aالنسائي، أحمد بن علي بن شعيب،
_d215-303 هجري.
_tسنن النسائي
700 1 2 _iكشاف لـ (عمل) :
_aابن ماجة، محمد بن يزيد الربعي،
_d209-273 هجري.
_tسنن ابن ماجة
700 1 2 _iكشاف لـ (عمل) :
_aابن حجر العسقلاني، أحمد بن علي بن محمد،
_d773-852 هجري.
_tالنكت الظراف على الأطراف
942 _2ddc
_cBOOK
_n0
949 _aSA-JeALM
_d241020
_ukhaled123
_n1
999 _c1498
_d1498